| 000 | 00748nam a2200253Ia 4500 | ||
|---|---|---|---|
| 003 | OSt | ||
| 005 | 20221007110154.0 | ||
| 006 | a|||||r|||| 00| 0 | ||
| 007 | ta | ||
| 008 | 221006b |||||||| |||| 00| 0 eng d | ||
| 024 | _a20,526 | ||
| 037 | _cTextual | ||
| 040 |
_aLCO _cLCO _beng |
||
| 041 |
_2eng _aeng |
||
| 082 | _aZ1,6Ok71, L5 | ||
| 100 |
_aCapplelletti Mauro _9707151 |
||
| 245 | 0 | _aPublic Intrest Parties and the Active Role of the Judge in Civil Litilgation | |
| 260 |
_aNew _bYork Oceana Publications USA _c1975 |
||
| 300 | _a304 | ||
| 650 |
_aCIVIL LITIGATION _9707152 |
||
| 700 |
_a Jolowicz J.A _9582575 |
||
| 942 |
_hZ1,6Ok71, L5 _cTEXL |
||
| 999 |
_c1190089 _d1190089 |
||